000 00906cab a2200277 4500
001 ABS53832
008 090401t1995 xxu||||| |||| 00| 0 eng d
035 _a(Sirsi) u6806
041 _aeng
100 _aPritchard, S.
245 _aPlanning for the telecommuter
260 _c1995
350 _a0
490 _aPlanning Week
_v3(42) 19 October 1995, 16-17(2)
520 _aLooks at teleworking; its use and value to companies, and the implications it may have on the planning system - including consequences for transport policy and the use of city space.
650 _aCITY DEVELOPMENT
650 _aPLANNING SYSTEM
650 _aTELECOMMUNICATIONS
650 _aTELEWORKING
650 _aTRANSPORT POLICY
650 _aWORKING FROM HOME
690 _aMANAGEMENT-BUSINESS MANAGEMENT-INFORMATION MANAGEMENT
690 _aPLANNING LAW AND PRACTICE
942 _n0
948 _c04/03/1997
999 _c4046
_d4046